00623nam a22002057a 450000500170000001000130001702000220003003500130005203700160006504000120008108200160009310000250010924501160013426000420025027000410029230000270033350000200036065000150038065000220039520170124110039.0 aB-031010 c00.00a8170997763 aB-031010 bCen Lib/Ret aDPLbEN a381.34bPAN aPanta, Murali Prasad aBusiness, consumer and the government :cby Murali Prasad Panta bwith its applications to commercial policy / aNew DelhibMittal Publications c2001 bNew DelhiaA-110,Mohan Gadene110059 axxiv, 348p. c20cm(Hb) aIncludes index  aEconomics  aBusiness consumer